| 000 | 00802nas a2200241 4500 | ||
|---|---|---|---|
| 001 | BR9602511 | ||
| 003 | BR-BrBNA | ||
| 005 | 20231205094727.0 | ||
| 007 | ta | ||
| 008 | 230509b bl.|||p| |||| 00| 00por d | ||
| 040 |
_aBR-BrBNA _bpor _cBiblioteca Nacional de Agricultura |
||
| 041 | _a(Pt) | ||
| 072 | _aC20; E50 | ||
| 100 | 1 | _aGoncalves, J.S. | |
| 100 | 1 | _aGoncalves, C.D. | |
| 245 | 1 | _aDa aldeia rural a aldeia global: uma reflexao sobre a relacao entre o avanco da comunicacao e desenvolvimento capitalista | |
| 650 | _aComunicacao de Massa | ||
| 650 | _aDesenvolvimento Social | ||
| 650 | _aDifusao de Tecnologia | ||
| 773 | 0 |
_tAgricultura em Sao Paulo (Brazil) _xISSN 0044-6793 _g(1995), v. 42(2) p. 17-25 _wBR9602511 |
|
| 909 |
_a202311 _bLúcia _c55 _dLúcia Elande |
||
| 942 |
_2AGRIS _n0 _cANA |
||
| 999 |
_c146415 _d146415 |
||